Anthropologie contemporaine (notice n° 2198782)
[ vue normale ]
| 000 -LEADER | |
|---|---|
| fixed length control field | 01304cam a2200133 4500500 |
| 005 - DATE AND TIME OF LATEST TRANSACTION | |
| control field | 20260405085605.0 |
| 041 ## - LANGUAGE CODE | |
| Language code of text/sound track or separate title | fre |
| 042 ## - AUTHENTICATION CODE | |
| Authentication code | dc |
| 100 10 - MAIN ENTRY--PERSONAL NAME | |
| Personal name | Trémon, Anne-Christine |
| Relator term | author |
| 245 00 - TITLE STATEMENT | |
| Title | Anthropologie contemporaine |
| 260 ## - PUBLICATION, DISTRIBUTION, ETC. | |
| Name of publisher, distributor, etc. | Armand Colin,<br/> |
| Date of publication, distribution, etc. | 2024.<br/> |
| 520 ## - SUMMARY, ETC. | |
| Summary, etc. | Cet ouvrage propose un tour d’horizon des principaux travaux menés en anthropologie au cours des dernières décennies, en montrant comment ses questionnements se sont réajustés ou renouvelés face aux mutations du monde contemporain. Il aborde ces questions telles qu’elles se posent à différentes échelles entre le local et le global, et concernent les rapports des humains entre eux et avec les non-humains, les rapports de genre et de génération, ainsi que les relations entre personne individuelle et collectifs – familles, clans, diasporas, classes, partis.S’appuyant sur des études de cas situées dans des sociétés tant proches que lointaines, il montre en quoi l’anthropologie aborde, dans toute sa complexité, des relations qui ne peuvent jamais se réduire à une seule dimension et n’échappent jamais au contexte spatio-temporel dans lequel elles s’inscrivent. |
| 856 41 - ELECTRONIC LOCATION AND ACCESS | |
| Uniform Resource Identifier | <a href="https://shs.cairn.info/anthropologie-contemporaine--9782200635534?lang=fr&redirect-ssocas=7080">https://shs.cairn.info/anthropologie-contemporaine--9782200635534?lang=fr&redirect-ssocas=7080</a> |
Pas d'exemplaire disponible.




Réseaux sociaux